000 00513nam a2200205Ia 4500
005 20240515114757.0
008 131103s9999 xx 000 0 und d
020 _a713173480
040 _aLoreto College
041 _aEnglish
082 _a428
_bRAL
100 _aRalph, W.
245 _aCreative writing for secondary schools
_b Book 2
_cW.Ralph
260 _aLondon
_bEdward Arnold
_c1970
300 _a72p.
_b pic.
650 _aEngliosh language
651 _aReader
850 _aLCBED
942 _cBK
999 _c30319
_d80798